| 000 | 00340nam a2200145Ia 4500 | ||
|---|---|---|---|
| 008 | 230917s9999||||xx |||||||||||||| ||und|| | ||
| 040 |
_e180023 _aMAIN |
||
| 041 | _aEnglish | ||
| 082 | _a382 A81I | ||
| 100 | _aAgarwal, Raj | ||
| 245 | 0 | _aInternational trade | |
| 260 |
_aNew Delhi _bExcel Books _c2001 |
||
| 300 | _a303 p. | ||
| 942 | _cBK | ||
| 999 |
_c111930 _d111930 |
||